000 00944cad a22001935a 4500
001 E154903
008 120131e20120131xxk 000 0 eng d
035 _a(Sirsi) u154903
041 0 _aeng
110 2 _aScottish Enterprise
_92731
245 0 0 _aNew offshore wind initiative to boost Scottish supply chain
_h[electronic resource]
260 _c2012
490 _aScottish Enterprise Press Release
_v31 January 2012
520 _aScottish Enterprise are to launch an Offshore Wind Expert Support Programme, which will offer up to two days of free specialist support to companies working in, or seeking to work in, the offshore wind sector.
651 4 _aScotland
_y1999-
690 _aEnergy
_96237
856 4 0 _uhttps://www.scottish-enterprise.presscentre.com/Press-releases/New-offshore-wind-initiative-to-boost-Scottish-supply-chain-46e.aspx
_zView the press release free of charge at www.scottish-enterprise.presscentre.com
942 _n0
999 _c83745
_d83745